Chcete aj Vy priblížiť svoju výkonnosť podnikom v EÚ?

Schopnosť reagovať na zmeny a predvídať ich - rozhodujúca v boji s konkurenciou. Slovenské podniky v Európskej únii a získavanie skúseností. Strategická koncepcia Six Sigma. Princípy metódy Six Sigma. Zavádzanie metódy Six Sigma a jej prínosy.

Gespeichert in:
Bibliographische Detailangaben
1. Verfasser: Jankelová, Nadežda, 1966-
Weitere Verfasser: Nagyová, Lívia
Format: Buchkapitel
Sprache:Slowakisch
Schlagworte:
Tags: Tag hinzufügen
Keine Tags, Fügen Sie das erste Tag hinzu!

MARC

LEADER 00000naa$a2200000$$$4500
001 0027245
005 20240502071428.2
041 0 |a slo 
044 |a SK 
245 1 0 |a Chcete aj Vy priblížiť svoju výkonnosť podnikom v EÚ?  |c Nadežda Jankelová, Lívia Nagyová 
520 |a Schopnosť reagovať na zmeny a predvídať ich - rozhodujúca v boji s konkurenciou. Slovenské podniky v Európskej únii a získavanie skúseností. Strategická koncepcia Six Sigma. Princípy metódy Six Sigma. Zavádzanie metódy Six Sigma a jej prínosy. 
610 2 0 |a riadenie podnikové 
610 2 0 |a metódy riadenia 
610 2 0 |a manažment 
610 2 0 |a firmy 
610 2 0 |a výkonnosť 
610 2 0 |a náklady 
610 2 0 |a zisk 
610 2 0 |a zákazníci 
100 1 |a Jankelová, Nadežda, 1966- 
700 1 |a Nagyová, Lívia